000 00427nam a22001697a 4500
003 koha_MIRAKIL
005 20231213095840.0
008 231213b |||||||| |||| 00| 0 ||| d
040 _aTR-IsEVY
_btur
_cTR-IsEVY
082 _aFIC DEM/M
100 _aDemirel, Selçuk.
245 0 _aMumuk harfleri öğreniyor.
260 _bYapı Kredi Yayınları,
_c2009
300 _a27
650 _aGenel Konular.
942 _2ddc
_cBK
999 _c10470
_d10470